Παίκτες με τις Περισσότερες Συμμετοχές στην Α' Εθνική - Statistics

General Stats
  • This quiz has been taken 8 times
  • The average score is 6 of 20
Answer Stats
Παίκτης Συμμετοχές Σύλλογοι % Correct
Μίμης Δομάζος 538
86%
Θωμάς Μαύρος 501
86%
Δημήτρης Σαραβάκος 443
71%
Μίμης Παπαϊωάννου 481
57%
Γιώργος Κούδας 504
43%
Ντίνος Κούης 473
43%
Τάσος Μητρόπουλος 461
43%
Μιχάλης Κρητικόπουλος 428
43%
Γιώργος Σκαρτάδος 478
29%
Τάκης Νικολούδης 453
29%
Στέλιος Μανωλάς 447
29%
Γιάννης Γούναρης 426
29%
Νίκος Νιόπλιας 509
14%
Σάββας Κωφίδης 493
14%
Στάθης Χάιτας 480
14%
Γιώργος Δέδες 429
14%
Γιώργος Χ. Γεωργιάδης 476
0%
Άγγελος Κρεμμύδας 448
0%
Θόδωρος Παχατουρίδης 434
0%
Δανιήλ Παπαδόπουλος 418
0%
No matching quizzes found
Score Distribution
Percent of People with Each Score
Percentile by Number Answered
Your Score History
You have not taken this quiz